00309nam a2200121Ia 45000030006000000080041000060400015000471000036000622450027000982600033001255460012001580050017001700STCL150530s9999 xx 000 0 und d aSTCLcSTCL aJohnson; Banerjee, S.K.; Editor aJohnson life of milton bLakshmi Narain Agarwalc1960 aEnglish20220125171135.0